[Event "15th European Club Cup Women"]
[Site "Plovdiv BUL"]
[Date "2010.10.17"]
[Round "1"]
[White "Borosova, Zuzana"]
[Black "Zhukova, Natalia"]
[Result "1/2-1/2"]
[WhiteTitle "WIM"]
[BlackTitle "GM"]
[WhiteElo "2277"]
[BlackElo "2499"]
[Board "6.1"]
[WhiteTeam "KSC Komarno"]
[BlackTeam "Giprorechtrans"]
[WhiteFideId "14905779"]
[BlackFideId "14101513"]
[EventDate "2010.10.17"]
[EventType "team"]

1. e4 e6 2. d4 d5 3. Nc3 Bb4 4. e5 c5 5. a3 Bxc3+ 6. bxc3 Ne7 7. Qg4 cxd4 8.
Qxg7 Rg8 9. Qxh7 Qc7 10. Ne2 Nbc6 11. f4 dxc3 12. Nxc3 Nd4 13. Qd3 Nef5 14. Rg1
Bd7 15. g4 Rc8 16. Bd2 Ne3 17. Bxe3 Nf3+ 18. Kf2 Nxg1 19. Nb5 Qxc2+ 20. Kxg1
Rxg4+ 21. Kh1 Rh4 22. Qxc2 Rxc2 23. Nd6+ Kf8 24. Bg2 Rg4 25. Bf3 Rh4 26. Bg2 Rg4
27. Bf3 Rh4 28. Bg2 Rg4 1/2-1/2

[Event "15th European Club Cup Women"]
[Site "Plovdiv BUL"]
[Date "2010.10.17"]
[Round "1"]
[White "Munguntuul, Batkhuyag"]
[Black "Edes, Zsofia"]
[Result "1-0"]
[WhiteTitle "IM"]
[WhiteElo "2412"]
[BlackElo "2065"]
[Board "6.2"]
[WhiteTeam "Giprorechtrans"]
[BlackTeam "KSC Komarno"]
[WhiteFideId "4900758"]
[BlackFideId "14912368"]
[EventDate "2010.10.17"]
[EventType "team"]

1. d4 d5 2. c4 e6 3. Nc3 Nf6 4. Nf3 Nbd7 5. Bg5 c6 6. Qb3 Qa5 7. Bd2 Qb6 8. e3
Be7 9. Qc2 O-O 10. Bd3 Re8 11. O-O Bf8 12. Ne5 Qc7 13. f4 g6 14. c5 Kg7 15. Rf3
Ng8 16. g4 f5 17. Rg3 Nxe5 18. fxe5 Ne7 19. Rf1 Kf7 20. e4 dxe4 21. Nxe4 Nd5 22.
Ng5+ Ke7 23. Nxh7 Kd8 24. Nf6 Be7 25. Nxe8 Kxe8 26. gxf5 1-0

[Event "15th European Club Cup Women"]
[Site "Plovdiv BUL"]
[Date "2010.10.17"]
[Round "1"]
[White "Kral, Klaudia"]
[Black "Zaiatz, Elena"]
[Result "0-1"]
[BlackTitle "IM"]
[WhiteElo "1806"]
[BlackElo "2407"]
[Board "6.3"]
[WhiteTeam "KSC Komarno"]
[BlackTeam "Giprorechtrans"]
[WhiteFideId "14900084"]
[BlackFideId "4139518"]
[EventDate "2010.10.17"]
[EventType "team"]

1. e4 e5 2. Nf3 Nc6 3. Bb5 a6 4. Ba4 Nf6 5. O-O Be7 6. Re1 b5 7. Bb3 d6 8. c3
O-O 9. h3 Na5 10. Bc2 c5 11. d4 Nd7 12. Nbd2 cxd4 13. cxd4 Nc6 14. Nf1 exd4 15.
Nxd4 Nxd4 16. Qxd4 Ne5 17. Ne3 Bxh3 18. Qd1 Be6 19. f4 Nc4 20. Nxc4 bxc4 21. f5
Bd7 22. Qh5 g6 23. Qf3 Bf6 24. Rb1 Bd4+ 25. Be3 Be5 26. Qh3 Qe7 27. Kf2 Rfe8 28.
Rh1 f6 29. Qh4 gxf5 30. exf5 d5 31. Rh3 Rf8 32. Rbh1 Rf7 33. Bd1 Bxf5 34. Rf3
Bg6 35. Bd4 Re8 36. Ba4 Bxd4+ 37. Qxd4 Qe2+ 38. Kg3 Re5 0-1

[Event "15th European Club Cup Women"]
[Site "Plovdiv BUL"]
[Date "2010.10.17"]
[Round "1"]
[White "Vasilevich, Irina"]
[Black "Kralova, Katarina"]
[Result "1-0"]
[WhiteTitle "IM"]
[WhiteElo "2324"]
[BlackElo "1861"]
[Board "6.4"]
[WhiteTeam "Giprorechtrans"]
[BlackTeam "KSC Komarno"]
[WhiteFideId "4141296"]
[BlackFideId "14927330"]
[EventDate "2010.10.17"]
[EventType "team"]

1. e4 c5 2. Nf3 Qc7 3. Nc3 Nc6 4. d4 cxd4 5. Nxd4 e6 6. Be2 Nf6 7. Be3 Bb4 8.
Nb5 Qb8 9. a3 Be7 10. O-O O-O 11. f4 a6 12. Nd4 b5 13. e5 Ne8 14. Nxc6 dxc6 15.
Bf3 Bb7 16. Ne4 Nc7 17. Bc5 Bxc5+ 18. Nxc5 Nd5 19. Qc1 Qa7 20. b4 a5 21. Kh1
Rfd8 22. c3 Ba6 23. Be4 Qe7 24. Rf3 Bc8 25. Nb3 a4 26. Nc5 f5 27. exf6 Qxf6 28.
Qc2 g6 29. Raf1 Ra7 30. c4 bxc4 31. Qxc4 e5 32. Bc2 Kg7 33. fxe5 Qxe5 34. Nd3
Qc3 35. Qxc3+ Nxc3 36. Ne5 Re8 37. Nxc6 Rc7 38. Rxc3 Ba6 39. Rc1 Bb5 40. Kg1
Rxc6 41. Rxc6 Bxc6 42. Bd3 Re3 43. Rc3 Bd5 44. Kf2 Re7 45. Rc5 Rf7+ 46. Kg3 Bb3
47. b5 Rd7 48. Be4 Rd4 49. b6 1-0

[Event "15th European Club Cup Women"]
[Site "Plovdiv BUL"]
[Date "2010.10.17"]
[Round "1"]
[White "Gaponenko, Inna"]
[Black "Khachatourian, Yerazik"]
[Result "1-0"]
[WhiteTitle "IM"]
[WhiteElo "2469"]
[BlackElo "2025"]
[Board "7.1"]
[WhiteTeam "BAS Beograd"]
[BlackTeam "Oslo Schakselkap"]
[WhiteFideId "14101181"]
[BlackFideId "12501948"]
[EventDate "2010.10.17"]
[EventType "team"]

1. f4 Nf6 2. Nf3 c5 3. d3 d5 4. g3 b6 5. Bg2 Bb7 6. O-O g6 7. e4 dxe4 8. Ng5 Bg7
9. Nc3 Nc6 10. dxe4 e5 11. Nd5 O-O 12. c3 h6 13. Nh3 Ba6 14. Re1 Nd7 15. Be3 Rc8
16. Qa4 Bd3 17. Rad1 b5 18. Qa3 Bc2 19. Rd2 exf4 20. gxf4 b4 21. cxb4 cxb4 22.
Nxb4 Nxb4 23. Qxb4 Rb8 24. Qd6 Ba4 25. b3 Bc3 26. bxa4 Bxd2 27. Qxd2 Qe7 28. Nf2
Rfd8 29. Qa5 Qa3 30. e5 Nf8 31. Bxa7 Rbc8 32. Bb7 Rc1 33. Qxd8 Rxe1+ 34. Kg2 Qc1
35. a5 Rg1+ 36. Kf3 Rf1 37. Be3 Qc2 38. a6 Kg7 39. a7 Ne6 40. Qf6+ Kh7 41. Qxf7+
Ng7 42. a8=Q Qd1+ 43. Kg3 1-0

[Event "15th European Club Cup Women"]
[Site "Plovdiv BUL"]
[Date "2010.10.17"]
[Round "1"]
[White "Johnsen, Sylvia"]
[Black "Chelushkina, Irina"]
[Result "0-1"]
[WhiteTitle "WFM"]
[BlackTitle "WGM"]
[WhiteElo "2030"]
[BlackElo "2325"]
[Board "7.2"]
[WhiteTeam "Oslo Schakselkap"]
[BlackTeam "BAS Beograd"]
[WhiteFideId "1500988"]
[BlackFideId "928615"]
[EventDate "2010.10.17"]
[EventType "team"]

1. c4 e5 2. Nc3 d6 3. d3 g6 4. g3 Bg7 5. Bg2 Ne7 6. e3 O-O 7. Nge2 Nbc6 8. O-O
Rb8 9. a3 Be6 10. b4 a6 11. Rb1 d5 12. c5 d4 13. Ne4 Nd5 14. exd4 Nxd4 15. N2c3
Nxc3 16. Nxc3 Qd7 17. Re1 Bg4 18. f3 Be6 19. Be3 Rfd8 20. Bf2 f5 21. a4 Bf7 22.
Re3 Ne6 23. Bf1 a5 24. Nb5 axb4 25. Re1 b6 26. cxb6 c5 27. d4 exd4 28. a5 d3 29.
Na7 Bc3 30. Rxe6 Bxe6 31. Bxc5 Bd4+ 32. Bxd4 Qxd4+ 33. Kg2 Qc3 34. Rc1 Qb2+ 35.
Kh1 Bb3 0-1

[Event "15th European Club Cup Women"]
[Site "Plovdiv BUL"]
[Date "2010.10.17"]
[Round "1"]
[White "Vasilevich, Tatjana"]
[Black "Reppen, Ellisiv"]
[Result "1-0"]
[WhiteTitle "IM"]
[WhiteElo "2399"]
[BlackElo "1954"]
[Board "7.3"]
[WhiteTeam "BAS Beograd"]
[BlackTeam "Oslo Schakselkap"]
[WhiteFideId "14101610"]
[BlackFideId "1504959"]
[EventDate "2010.10.17"]
[EventType "team"]

1. d4 Nf6 2. c4 c5 3. Nf3 g6 4. Nc3 cxd4 5. Nxd4 Bg7 6. e4 d6 7. Be2 O-O 8. Be3
Nbd7 9. O-O a6 10. f3 Nc5 11. Qd2 Re8 12. Rfd1 Qc7 13. Rac1 Bd7 14. b3 Rad8 15.
Bf1 Qb8 16. Qf2 Rc8 17. Nde2 Ne6 18. Ba7 Qa8 19. Bb6 Bc6 20. Nd5 Nd7 21. Be3 b5
22. Nec3 bxc4 23. Bxc4 Nc7 24. Qe2 Nxd5 25. Nxd5 Bb7 26. Qd2 e6 27. Nc3 Ne5 28.
Be2 Red8 29. Bb6 Rd7 30. f4 Nc6 31. Na4 Ne7 32. Nc5 dxc5 33. Qxd7 Bd4+ 34. Rxd4
cxd4 35. Rxc8+ Qxc8 36. Qxe7 Qc1+ 37. Bf1 Qe3+ 38. Kh1 Qe1 39. Qd8+ Kg7 40.
Bxd4+ Kh6 41. Qg5# 1-0

[Event "15th European Club Cup Women"]
[Site "Plovdiv BUL"]
[Date "2010.10.17"]
[Round "1"]
[White "Almer, Julia"]
[Black "Drljevic, Ljilja"]
[Result "0-1"]
[BlackTitle "WIM"]
[WhiteElo "1908"]
[BlackElo "2273"]
[Board "7.4"]
[WhiteTeam "Oslo Schakselkap"]
[BlackTeam "BAS Beograd"]
[WhiteFideId "1708848"]
[BlackFideId "928879"]
[EventDate "2010.10.17"]
[EventType "team"]

1. e4 d6 2. d4 Nf6 3. Nc3 g6 4. Nf3 Bg7 5. Be2 O-O 6. O-O c6 7. a4 Nbd7 8. h3 e5
9. dxe5 dxe5 10. Qd6 h6 11. Rd1 Ne8 12. Qd3 Qf6 13. Be3 a5 14. Nd2 Nc7 15. Nc4
Ne6 16. Nd6 Nd4 17. Nxc8 Rfxc8 18. Bg4 Rd8 19. Qd2 Nc5 20. Qc1 Kh7 21. b3 Qe7
22. Rd2 h5 23. Be2 Rd7 24. Qe1 Rad8 25. Rad1 Nce6 26. Bc4 Nf4 27. Bxf4 exf4 28.
f3 Nxf3+ 29. gxf3 Rxd2 0-1

[Event "15th European Club Cup Women"]
[Site "Plovdiv BUL"]
[Date "2010.10.18"]
[Round "2"]
[White "Hou, Yifan"]
[Black "Javakhishvili, Lela"]
[Result "1-0"]
[WhiteTitle "GM"]
[BlackTitle "IM"]
[WhiteElo "2578"]
[BlackElo "2451"]
[Board "1.2"]
[WhiteTeam "Cercle d'Echecs de Monte Carlo"]
[BlackTeam "Samaia Tbilisi"]
[WhiteFideId "8602980"]
[BlackFideId "13601458"]
[EventDate "2010.10.17"]
[EventType "team"]

1. e4 c5 2. Nf3 e6 3. d4 cxd4 4. Nxd4 a6 5. Nc3 Nc6 6. Be2 Qc7 7. Be3 Nf6 8. O-O
Be7 9. f4 d6 10. Kh1 O-O 11. a4 Re8 12. Bf3 Bf8 13. Qd2 Nd7 14. Qf2 Rb8 15. Rad1
Nb4 16. e5 dxe5 17. fxe5 Nxe5 18. Bf4 f6 19. Qg3 Bd7 20. Rde1 Qc4 21. Ne4 Kh8
22. Bxe5 fxe5 23. Ng5 exd4 24. Be4 Be7 25. Nf7+ Kg8 26. Bxh7+ 1-0

[Event "15th European Club Cup Women"]
[Site "Plovdiv BUL"]
[Date "2010.10.18"]
[Round "2"]
[White "Melia, Salome"]
[Black "Muzychuk, Anna"]
[Result "1-0"]
[WhiteTitle "IM"]
[BlackTitle "IM"]
[WhiteElo "2439"]
[BlackElo "2535"]
[Board "1.3"]
[WhiteTeam "Samaia Tbilisi"]
[BlackTeam "Cercle d'Echecs de Monte Carlo"]
[WhiteFideId "13602446"]
[BlackFideId "14111330"]
[EventDate "2010.10.17"]
[EventType "team"]

1. e4 c5 2. Nf3 Nc6 3. Bb5 d6 4. d4 cxd4 5. Qxd4 Nf6 6. Nc3 Bd7 7. Bxc6 Bxc6 8.
Bg5 e6 9. O-O-O Be7 10. Rhe1 O-O 11. Kb1 b5 12. Bxf6 gxf6 13. Qe3 Kh8 14. Nd4
Qd7 15. Nxc6 Qxc6 16. Nd5 Qd7 17. Nxe7 Qxe7 18. Qd3 Rfd8 19. Qxb5 Rab8 20. Qc4
a5 21. Re3 Rbc8 22. Qd3 Rc5 23. Rh3 Qf8 24. e5 f5 25. exd6 f6 26. Qa6 Rd5 27.
Rxd5 exd5 28. Qb7 h6 29. Qe7 Qxe7 30. dxe7 Re8 31. Re3 1-0

[Event "15th European Club Cup Women"]
[Site "Plovdiv BUL"]
[Date "2010.10.18"]
[Round "2"]
[White "Cramling, Pia"]
[Black "Khurtsidze, Nino"]
[Result "0-1"]
[WhiteTitle "GM"]
[BlackTitle "IM"]
[WhiteElo "2509"]
[BlackElo "2435"]
[Board "1.4"]
[WhiteTeam "Cercle d'Echecs de Monte Carlo"]
[BlackTeam "Samaia Tbilisi"]
[WhiteFideId "1700030"]
[BlackFideId "13600320"]
[EventDate "2010.10.17"]
[EventType "team"]

1. d4 Nf6 2. Nf3 e6 3. c4 Bb4+ 4. Nbd2 d5 5. Qa4+ Nc6 6. a3 Bxd2+ 7. Bxd2 Ne4 8.
Rd1 O-O 9. e3 Bd7 10. Qc2 Be8 11. Be2 f6 12. b4 a6 13. O-O Bh5 14. Rc1 Nxd2 15.
Qxd2 Ne7 16. Rfd1 c6 17. Ne1 Bxe2 18. Qxe2 Nc8 19. e4 Nb6 20. c5 Nc4 21. a4 Qe8
22. Nd3 Qf7 23. Re1 Rfe8 24. e5 f5 25. Nb2 Nxb2 26. Qxb2 f4 27. Rc3 Rf8 28. Qc2
Qe7 29. Rh3 Rf5 30. Kh1 Raf8 31. Qd3 g5 32. Qf3 Qg7 33. Qg4 Qg6 34. Rh5 f3 35.
g3 h6 36. h4 Kg7 37. Kh2 R8f7 38. Ra1 Kf8 39. Rg1 Ke8 40. Kh1 Kd7 41. Kh2 Rh7
42. Re1 Rhf7 43. Rg1 Kc7 44. a5 Kd7 45. Kh1 Rh7 46. Re1 Rff7 47. Kg1 Qd3 48.
hxg5 Qd2 49. Rf1 hxg5 50. Rxh7 Rxh7 51. Qxf3 Qxd4 52. Qe2 Kc7 53. Kg2 Qxb4 54.
Qc2 Rd7 55. Rh1 Qd4 56. Rh7 Qxe5 57. Rxd7+ Kxd7 58. Qh7+ Kc8 59. Qg8+ Kc7 60.
Qf7+ Kb8 61. Qe8+ Ka7 62. Qd8 Qe4+ 63. Kh2 Qb4 64. Qxg5 Qxc5 65. Qd2 d4 66. g4
Qc3 67. Qf4 d3 68. Qe3+ c5 69. Kg2 Qc4 70. Kg3 Qd5 71. Qd2 c4 72. g5 Qd4 73. g6
c3 0-1

[Event "15th European Club Cup Women"]
[Site "Plovdiv BUL"]
[Date "2010.10.18"]
[Round "2"]
[White "Pogonina, Natalija"]
[Black "Chelushkina, Irina"]
[Result "1-0"]
[WhiteTitle "WGM"]
[BlackTitle "WGM"]
[WhiteElo "2491"]
[BlackElo "2325"]
[Board "2.3"]
[WhiteTeam "AVS"]
[BlackTeam "BAS Beograd"]
[WhiteFideId "4147855"]
[BlackFideId "928615"]
[EventDate "2010.10.17"]
[EventType "team"]

1. e4 e6 2. d4 d5 3. Nd2 c5 4. exd5 exd5 5. Ngf3 Nc6 6. Bb5 Qe7+ 7. Be2 Qc7 8.
O-O Nf6 9. dxc5 Bxc5 10. Nb3 Bb6 11. Bg5 Be6 12. c3 Ne4 13. Be3 Bxe3 14. fxe3
O-O 15. Bd3 Qe7 16. Qc2 f5 17. Rae1 Rf6 18. Nbd4 Bf7 19. Qe2 Bh5 20. Bc2 Kh8 21.
Qd3 Raf8 22. Bb3 Nc5 23. Qd2 Ne4 24. Qc1 Qc5 25. Bc2 Qa5 26. Bb3 Bf7 27. Nh4 g6
28. Nhf3 Bg8 29. Rd1 Qc5 30. Bc2 Qe7 31. Rde1 Nd6 32. Bd3 Qg7 33. Nxc6 bxc6 34.
b4 Ne4 35. Nd4 c5 36. Bxe4 cxd4 37. Bf3 dxe3 38. Rxe3 Ra6 39. Qd2 f4 40. Rd3 d4
41. Rxd4 Rxa2 42. Qd3 Ra3 43. Rc1 Qe5 44. h3 Rc8 45. Qd2 g5 46. Re4 Qf6 47. c4
Rd8 48. Qf2 h6 49. c5 Ra2 50. Re2 Rxe2 51. Qxe2 Qd4+ 52. Kh2 Bf7 53. Rd1 Qxd1
54. Qe5+ 1-0

[Event "15th European Club Cup Women"]
[Site "Plovdiv BUL"]
[Date "2010.10.18"]
[Round "2"]
[White "Vasilevich, Tatjana"]
[Black "Muzychuk, Mariya"]
[Result "1/2-1/2"]
[WhiteTitle "IM"]
[BlackTitle "IM"]
[WhiteElo "2399"]
[BlackElo "2464"]
[Board "2.4"]
[WhiteTeam "BAS Beograd"]
[BlackTeam "AVS"]
[WhiteFideId "14101610"]
[BlackFideId "14114550"]
[EventDate "2010.10.17"]
[EventType "team"]

1. d4 Nf6 2. c4 e6 3. Nc3 Bb4 4. Qc2 O-O 5. a3 Bxc3+ 6. Qxc3 b6 7. Bg5 Bb7 8. e3
d6 9. Ne2 Nbd7 10. Qc2 c5 11. Rd1 Qe7 12. Nc3 cxd4 13. Rxd4 Rfd8 14. f3 h6 15.
Bh4 Ne5 16. Be2 Rac8 17. O-O Ng6 18. Bf2 d5 19. Rfd1 Ne5 20. cxd5 Nxd5 21. Nxd5
Bxd5 22. Qa4 Nc6 23. R4d3 b5 24. Qh4 f6 25. Be1 Ne5 26. Bb4 Qe8 27. R3d2 Bc4 28.
Qe1 Rxd2 29. Qxd2 Bb3 30. Rc1 Rxc1+ 31. Qxc1 Bc4 32. Bxc4 Nxc4 33. b3 Ne5 34.
Qd1 1/2-1/2

[Event "15th European Club Cup Women"]
[Site "Plovdiv BUL"]
[Date "2010.10.18"]
[Round "2"]
[White "Danielian, Elina"]
[Black "Cmilyte, Viktorija"]
[Result "1-0"]
[WhiteTitle "IM"]
[BlackTitle "GM"]
[WhiteElo "2466"]
[BlackElo "2513"]
[Board "3.1"]
[WhiteTeam "MIKA Yerevan"]
[BlackTeam "SPb Chess Club"]
[WhiteFideId "13300210"]
[BlackFideId "12801259"]
[EventDate "2010.10.17"]
[EventType "team"]

1. d4 Nf6 2. c4 g6 3. Nc3 d5 4. Bf4 Bg7 5. e3 c5 6. dxc5 Qa5 7. Rc1 dxc4 8. Bxc4
O-O 9. Nf3 Qxc5 10. Bb3 Nc6 11. O-O Qa5 12. h3 Bf5 13. Qe2 Ne4 14. Nd5 e5 15.
Bh2 Be6 16. Rfd1 Rad8 17. Qc4 Nf6 18. e4 Nd7 19. Qa4 Qxa4 20. Bxa4 Ndb8 21. b4
a6 22. Bb3 Kh8 23. a4 f5 24. b5 axb5 25. axb5 Nd4 26. Nxd4 exd4 27. f3 Nd7 28.
Rc7 f4 29. Bc2 Bxd5 30. exd5 Nb6 31. Rxb7 Nxd5 32. Bd3 Ra8 33. Rd7 Ne3 34. Rb1
Ra2 35. Bf1 Be5 36. b6 g5 37. b7 Bb8 38. Rc1 Rb2 39. h4 h6 40. hxg5 hxg5 41. Rc8
Kg8 42. Bd3 Bd6 43. Rxd6 Rxb7 44. Rc5 Rg7 45. Rxd4 Ra8 46. Bc4+ Kh8 47. Kf2 Rb7
48. Rd2 Rb1 49. Be2 Rh1 50. Bg1 Kg7 51. Rxg5+ Kf6 52. Rg4 Nxg4+ 53. fxg4 Ra1 54.
Rd1 Ra3 55. Bd3 Kg5 56. Be2 Kf6 57. Rd6+ Ke5 58. Ra6 Re3 59. Bf3 Rc3 60. Ra5+
Ke6 61. Ra6+ Ke5 62. Ra1 Rc2+ 63. Be2 Rc3 64. Ra5+ Ke6 65. Rh5 Rxh5 66. gxh5 Kf5
67. Ke1 Rc1+ 68. Bd1 Ke5 69. Ba7 Rb1 70. Bc5 Kf6 71. h6 Kf7 72. Bd6 1-0

[Event "15th European Club Cup Women"]
[Site "Plovdiv BUL"]
[Date "2010.10.18"]
[Round "2"]
[White "Socko, Monika"]
[Black "Harika, Dronavalli"]
[Result "1/2-1/2"]
[WhiteTitle "GM"]
[BlackTitle "IM"]
[WhiteElo "2486"]
[BlackElo "2515"]
[Board "3.2"]
[WhiteTeam "SPb Chess Club"]
[BlackTeam "MIKA Yerevan"]
[WhiteFideId "1106619"]
[BlackFideId "5015197"]
[EventDate "2010.10.17"]
[EventType "team"]

1. d4 c5 2. d5 d6 3. e4 Nf6 4. Nc3 g6 5. Be2 Bg7 6. Nf3 O-O 7. O-O Na6 8. h3 Nc7
9. Re1 Nd7 10. Bg5 a6 11. Qd2 Re8 12. a4 Rb8 13. Rab1 b5 14. axb5 Nxb5 15. Nxb5
axb5 16. b4 Ba6 17. c3 Qc7 18. Bf1 e6 19. Bf4 exd5 20. exd5 Rxe1 21. Rxe1 Nb6
22. Qa2 Ra8 23. Re3 h6 24. Qd2 Bb7 25. Bxb5 Nxd5 26. Rd3 Nxf4 27. Qxf4 cxb4 28.
Qxb4 Ra1+ 29. Kh2 d5+ 30. g3 d4 31. Qb2 Qa5 32. Bc4 Qa8 33. Qe2 Be4 34. cxd4
Bxd3 35. Bxd3 Bxd4 36. Bxg6 Bg7 37. Be4 Qa7 38. Bc2 Qc5 39. Kg2 Kf8 40. Qd3 Ra8
41. Bb3 Qe7 42. Qf5 Rb8 1/2-1/2

[Event "15th European Club Cup Women"]
[Site "Plovdiv BUL"]
[Date "2010.10.18"]
[Round "2"]
[White "Mkrtchian, Lilit"]
[Black "Arakhamia-Grant, Ketevan"]
[Result "1-0"]
[WhiteTitle "IM"]
[BlackTitle "GM"]
[WhiteElo "2484"]
[BlackElo "2451"]
[Board "3.3"]
[WhiteTeam "MIKA Yerevan"]
[BlackTeam "SPb Chess Club"]
[WhiteFideId "13300601"]
[BlackFideId "13600168"]
[EventDate "2010.10.17"]
[EventType "team"]

1. d4 Nf6 2. c4 g6 3. Nc3 Bg7 4. e4 d6 5. Nf3 O-O 6. Be2 e5 7. O-O Nc6 8. d5 Ne7
9. Ne1 Nd7 10. Nd3 f5 11. Bd2 Nf6 12. f3 f4 13. c5 g5 14. cxd6 cxd6 15. Nf2 h5
16. h3 Rf7 17. Qc2 Ng6 18. Rfc1 Ne8 19. a4 Nh4 20. Qd1 Bf8 21. Nb5 Rg7 22. Rc3
a6 23. Na3 Nf6 24. Nc4 Bd7 25. Be1 Be8 26. a5 Nd7 27. b4 Rc8 28. Rac1 Rc7 29.
Qc2 Bg6 30. Nd2 Rxc3 31. Qxc3 Nf6 32. Qc8 Qe7 33. b5 axb5 34. Bxb5 g4 35. fxg4
hxg4 36. hxg4 Rh7 37. Qe6+ Qxe6 38. dxe6 Be8 39. g5 Bxb5 40. gxf6 Rh6 41. Ng4
Rg6 42. Bxh4 Rxg4 43. Rc8 1-0

[Event "15th European Club Cup Women"]
[Site "Plovdiv BUL"]
[Date "2010.10.18"]
[Round "2"]
[White "Atalik, Ekaterina"]
[Black "Galojan, Lilit"]
[Result "1/2-1/2"]
[WhiteTitle "IM"]
[BlackTitle "IM"]
[WhiteElo "2447"]
[BlackElo "2373"]
[Board "3.4"]
[WhiteTeam "SPb Chess Club"]
[BlackTeam "MIKA Yerevan"]
[WhiteFideId "4130189"]
[BlackFideId "13301314"]
[EventDate "2010.10.17"]
[EventType "team"]

1. d4 Nf6 2. c4 e6 3. Nc3 Bb4 4. e3 O-O 5. Bd3 c5 6. Nf3 d5 7. O-O dxc4 8. Bxc4
Nbd7 9. a3 cxd4 10. axb4 dxc3 11. bxc3 Qc7 12. Qb3 Nb6 13. Be2 e5 14. Ra5 Be6
15. Qb1 Nbd7 16. Bb2 b6 17. Ra3 Bc4 18. Bxc4 Qxc4 19. Nd2 Qb5 20. Qa2 Rfc8 21.
Qb3 a5 22. bxa5 Rxa5 23. Rxa5 Qxa5 24. Ra1 Qc5 25. Ba3 Qc6 26. Bb4 h6 27. Ra7
Rc7 28. Rxc7 Qxc7 29. Qc4 1/2-1/2

[Event "15th European Club Cup Women"]
[Site "Plovdiv BUL"]
[Date "2010.10.18"]
[Round "2"]
[White "Zhukova, Natalia"]
[Black "Khachatourian, Yerazik"]
[Result "1-0"]
[WhiteTitle "GM"]
[WhiteElo "2499"]
[BlackElo "2025"]
[Board "4.1"]
[WhiteTeam "Giprorechtrans"]
[BlackTeam "Oslo Schakselkap"]
[WhiteFideId "14101513"]
[BlackFideId "12501948"]
[EventDate "2010.10.17"]
[EventType "team"]

1. d4 Nf6 2. c4 g6 3. Nc3 Bg7 4. e4 d6 5. Nf3 O-O 6. h3 Nbd7 7. Bg5 c5 8. d5 a6
9. a4 Qa5 10. Nd2 Re8 11. Be2 Nf8 12. O-O h6 13. Be3 e6 14. f4 exd5 15. cxd5 Qc7
16. Bf2 g5 17. fxg5 hxg5 18. Bg3 Ng6 19. Nc4 Nf4 20. Bxf4 gxf4 21. Rxf4 Bd7 22.
a5 Bb5 23. Ne3 Bxe2 24. Qxe2 Qe7 25. Qf3 Qe5 26. Rf5 Qd4 27. Rd1 Qb4 28. Rxf6
Qxb2 29. Ng4 b5 30. axb6 Qxb6 31. Nh6+ Bxh6 32. Rxh6 1-0

[Event "15th European Club Cup Women"]
[Site "Plovdiv BUL"]
[Date "2010.10.18"]
[Round "2"]
[White "Johnsen, Sylvia"]
[Black "Munguntuul, Batkhuyag"]
[Result "0-1"]
[WhiteTitle "WFM"]
[BlackTitle "IM"]
[WhiteElo "2030"]
[BlackElo "2412"]
[Board "4.2"]
[WhiteTeam "Oslo Schakselkap"]
[BlackTeam "Giprorechtrans"]
[WhiteFideId "1500988"]
[BlackFideId "4900758"]
[EventDate "2010.10.17"]
[EventType "team"]

1. c4 Nf6 2. Nc3 g6 3. g3 Bg7 4. Bg2 O-O 5. Nf3 d6 6. d4 c5 7. O-O Nc6 8. d5 Na5
9. Qd3 a6 10. e4 Rb8 11. Bf4 b5 12. cxb5 axb5 13. e5 Ng4 14. Rfe1 Nc4 15. exd6
exd6 16. Nxb5 Nxb2 17. Qe2 Ba6 18. Bxd6 Bxb5 19. Qe7 Qxe7 20. Bxe7 Rfe8 21. Bxc5
Rxe1+ 22. Rxe1 Nd3 23. Bd6 Nxe1 24. Bxb8 Nxg2 25. Kxg2 Nf6 26. d6 Bc6 27. g4 Nd7
28. Bc7 Be5 29. a4 g5 30. a5 Bf4 31. Bd8 Ne5 0-1

[Event "15th European Club Cup Women"]
[Site "Plovdiv BUL"]
[Date "2010.10.18"]
[Round "2"]
[White "Zaiatz, Elena"]
[Black "Reppen, Ellisiv"]
[Result "1-0"]
[WhiteTitle "IM"]
[WhiteElo "2407"]
[BlackElo "1954"]
[Board "4.3"]
[WhiteTeam "Giprorechtrans"]
[BlackTeam "Oslo Schakselkap"]
[WhiteFideId "4139518"]
[BlackFideId "1504959"]
[EventDate "2010.10.17"]
[EventType "team"]

1. d4 Nf6 2. c4 c5 3. d5 b5 4. cxb5 a6 5. bxa6 g6 6. Nc3 Bxa6 7. g3 d6 8. Bg2
Bg7 9. Nf3 Nbd7 10. Rb1 O-O 11. O-O Qa5 12. Bd2 Rfb8 13. Qc2 Ng4 14. a4 Nge5 15.
Nxe5 Nxe5 16. b3 Qc7 17. Rfe1 h6 18. h3 Bb7 19. Nb5 Qd8 20. Na3 Kh7 21. f4 Nd7
22. Nc4 Nf6 23. e4 Nh5 24. Kh2 e6 25. e5 dxe5 26. Nxe5 Bxd5 27. Nxf7 Qd7 28. Ne5
Bxe5 29. Rxe5 Bxg2 30. Kxg2 Rd8 31. Be3 Qb7+ 32. Qe4 Qxe4+ 33. Rxe4 Ng7 34. Bxc5
Rd2+ 35. Bf2 Rc8 36. Rc4 Rcd8 37. Rc7 Ra2 38. Kf3 Rd3+ 39. Be3 Kg8 40. g4 Rh2
41. Ke4 Rd5 42. Rxg7+ Kxg7 43. b4 Ra2 44. a5 Kf7 45. Bd4 Rd2 46. Be3 Ra2 47. Bd4
Rd2 48. Bc5 Re2+ 49. Kf3 Ra2 50. Rb3 Rh2 51. Ke4 Re2+ 52. Be3 Ra2 53. Bb6 Re2+
54. Kf3 Rh2 55. Bf2 Rxh3+ 56. Bg3 h5 57. gxh5 Rhxh5 58. a6 Rb5 59. a7 Rh8 60.
Bf2 Ra8 61. Ke4 Ke8 62. Bc5 Kf7 63. Rh3 Kg8 64. Ra3 Kf7 65. Ke5 Rb7 66. Ra6 Rb5
67. Kd6 Rb7 68. Kc6 1-0